Responses for Show #4649 - Thursday, November 18, 2004

2004 College Championship semifinal game 2.

Contestants

[<< previous game]

Amory Jendrek, a freshman at Davidson College from Knoxville, Tennessee

Rachel McCool, a sophomore at Dickinson College from Pittsburgh, Pennsylvania

Lily Wang, a junior at Columbia University from Plano, Texas

[next game >>]

Jeopardy! Round responses

ROCKS & STUFF
I PLAYED 'EM ON TV
FAMOUS FRIENDSHIPS
NASA PRODUCTS
(Alex: And because Thanksgiving's coming...)
THINGS TO GIVE THANKS FOR
FOREIGN WORDS & PHRASES
    $200 6
diamond

Rachel
    $200 26
William Shatner

Rachel
    $200 11
Engels

Lily
    $200 21
joystick

Lily
    $200 16
the Bill of Rights

Lily
    $200 1
a smorgasbord

Lily
    $400 7
magma

Rachel
    $400 27
Jennifer Aniston

Rachel
    $400 12
David

Rachel
    $400 22
(Amory: What is an extension cord?)
(Alex: No. Ha ha! No!)
(Lily: What is wireless?)
(Alex: Wireless? Zh-zh-zh-zh--no, not in the sense we usually use that.)
...
(Alex: Correct response: what is [*]? That extension cord would have to be very, very long, Amory!)

cordless

LilyAmory
Triple Stumper
    $400 17
erosion

Rachel
    $400 2
creme de la creme

Amory
    $600 8
gneiss

Amory
    $600 28
Ted Danson

Rachel
    $600 13
Emerson

Lily
    $600 23
(Alex: We're talking about [*]. That's how they started.)

smoke detectors

Triple Stumper
    $600 18
(Lily: What are reflexes?)

nervous system

LilyRachel
    $600 3
fjord

Rachel
    $800 9
silicon

Amory
    $800 29
Debra Messing

Lily
    $2,000 14
Lawrence of Arabia

Lily
    $800 24
braces

Rachel
    $800 19
harmony

Lily
    $800 4
agua

Rachel
    $1000 10
talc

Amory
    $1000 30
Alyssa Milano

Lily
    $1000 15
(Lily: Who is Strauss?)

Wagner

LilyAmory
    $1000 25
satellite dish

Rachel
    $1000 20
Julianne Moore

Lily
    $1000 5
gung-ho

Lily

Scores at the first commercial break (after clue 15):

Lily Rachel Amory
$3,000 $2,400 $3,800

Scores at the end of the Jeopardy! Round:

Lily Rachel Amory
$6,000 $6,400 $3,400

Double Jeopardy! Round responses

TOUR DE FRANCE
CINEMA TRIVIA
EARLS GONE WILD
ART HISTORY CLASS
YOU GET AN "F"
FIND A JOB, KID
    $400 1
Champagne

Rachel
    $400 6
Raiders of the Lost Ark

Rachel
    $400 7
Nairobi

Rachel
    $400 9
a landscape

Amory
    $400 21
flute

Rachel
    $400 26
Barber

Amory
    $800 2
Normandy

Rachel
    $800 10
(Rachel: What is The Patriot?)

Braveheart

RachelAmory
    $800 8
sonnet

Lily
    $800 16
the Stone Age

Lily
    $800 22
frog

Rachel
    $800 27
steward

Rachel
    $1200 3
the Pyrenees

Rachel
    $1200 11
Cameron Diaz

Rachel
    $1,600 14
Ireland

Rachel
    $1200 17
Joseph

Lily
    $1200 23
Finland

Rachel
    $1200 28
underwriters and undertakers

Lily
    $1600 4
Nice

Lily
    $1600 12
(Lily: What is The Natural?)
(Amory: What is Bull Durham?)

Field of Dreams

LilyRachelAmory
    $1600 15
Bertrand Russell

Triple Stumper
    $1600 18
(Rachel: Who is Andy Warhol?)

Lichtenstein

RachelAmory
    $1600 24
Faust

Amory
    $3,000 29
choreographer

Lily
    $2000 5
the Loire

Amory
    $2000 13
JFK

Triple Stumper
    $2000 20
William III

Triple Stumper
    $2000 19
palette

Triple Stumper
    $2000 25
Fermium

Amory
    $2000 30
dispatcher

Rachel

Scores at the end of the Double Jeopardy! Round:

Lily Rachel Amory
$13,000 $16,800 $10,600

[wagering suggestions for these scores]

Final Jeopardy! Round responses

AMERICAN NOVELS
(Alex: I'm going to make a big leap of faith. Because each of you wrote down your response so quickly, I'm going to assume that each of you is right. So it all depends on the wagering as to who's going to go on to play for $100,000.)
AmoryWhat is As I Lay Dying?
$10,600
LilyWhat is As I Lay Dying?
$8,201
RachelWhat is As I Lay Dying?
$6,800
As I Lay Dying

Final scores:

Lily Rachel Amory
$21,201 $23,600 $21,200
2nd place: $10,000 Finalist 3rd place: $10,000

Game dynamics:

Coryat scores:

Lily Rachel Amory
$10,400 $16,400 $10,600
17 R
(including 2 DDs),
4 W
25 R
(including 1 DD),
2 W
12 R,
2 W

Combined Coryat: $37,400

[game clues] [game scores] [suggest correction]

Game tape date: 2004-10-10
The J! Archive is created by fans, for fans. Scraping, republication, monetization, and malicious use prohibited; this site may use cookies and collect identifying information. See terms. The Jeopardy! game show and all elements thereof, including but not limited to copyright and trademark thereto, are the property of Jeopardy Productions, Inc. and are protected under law. This website is not affiliated with, sponsored by, or operated by Jeopardy Productions, Inc. Join the discussion at JBoard.tv.